[Event "Hong Kong op"]
[Site "Hong Kong"]
[Date "2023.12.28"]
[Round "8"]
[White "Liu, Meng"]
[Black "Li, Yucheng Robinson"]
[Result "1/2-1/2"]
[WhiteElo "1763"]
[BlackElo "1509"]
[PlyCount "79"]
[EventDate "2023.12.24"]
[EventType "swiss"]
[EventRounds "9"]
[EventCountry "HKG"]
[SourceTitle "CB01_2024"]
[SourceDate "2024.01.03"]
[SourceVersion "1"]
[SourceVersionDate "2024.01.03"]
[SourceQuality "1"]

1. d4 d6 2. Nf3 Nf6 3. c4 Nbd7 4. Nc3 e5 5. e4 c6 6. g3 Be7 7. Bg2 0-0 8. 0-0 a6 9. h3 Rb8 10. Qc2 b5 11. c5 Qc7 12. cxd6 Bxd6 13. Bg5 exd4 14. Nxd4 h6 15. Bxf6 Nxf6 16. e5 Bxe5 17. Nxc6 Rb6 18. Nxe5 Qxe5 19. Rfe1 Qc7 20. Rac1 Be6 21. b3 Rc8 22. Qd2 Qd6 23. Qe3 Rbb8 24. Ne2 Qa3 25. Nd4 Bd5 26. Rxc8+ Rxc8 27. Nf5 Be6 28. Qe5 Rc1 29. Nd4 Bd5 30. Bxd5 Nxd5 31. Nf5 Rxe1+ 32. Qxe1 Nf6 33. Qe5 Qxa2 34. Nxh6+ gxh6 35. Qxf6 Qxb3 36. Qxa6 Kg7 37. Qd6 Qb1+ 38. Kh2 Qb2 39. Qf4 b4 40. Qg4+ 1/2-1/2

[Event "Hong Kong op"]
[Site "Hong Kong"]
[Date "2023.12.25"]
[Round "2"]
[White "Le Ruyet, Leopold"]
[Black "Liu, Meng"]
[Result "1-0"]
[WhiteElo "2245"]
[BlackElo "1763"]
[PlyCount "109"]
[EventDate "2023.12.24"]
[EventType "swiss"]
[EventRounds "9"]
[EventCountry "HKG"]
[SourceTitle "CB01_2024"]
[SourceDate "2024.01.03"]
[SourceVersion "1"]
[SourceVersionDate "2024.01.03"]
[SourceQuality "1"]

1. e4 c5 2. Nf3 d6 3. c3 Nf6 4. h3 g6 5. Qc2 Qc7 6. Bc4 Bg7 7. d3 0-0 8. Bf4 Nc6 9. a4 Bd7 10. Nbd2 a6 11. 0-0 Ne5 12. Nxe5 dxe5 13. Bh2 b5 14. Bb3 Nh5 15. Ra2 Nf4 16. Rfa1 Bc6 17. Nf1 Rfd8 18. Ne3 e6 19. Rd1 h5 20. h4 Qb7 21. f3 Bh6 22. g3 Nd5 23. Ng2 Ne3 24. Nxe3 Bxe3+ 25. Kg2 Rd7 26. Qe2 Bh6 27. Bg1 Bf8 28. Be3 Rad8 29. axb5 axb5 30. Bc2 b4 31. cxb4 cxb4 32. Ra7 Qb8 33. Ra6 Qc8 34. Ra5 Qb8 35. Bg5 Be7 36. Bxe7 Rxe7 37. Qe3 b3 38. Bb1 Rb7 39. Rc1 Rb5 40. Ra3 Qd6 41. Rc3 Rdb8 42. Ra6 Rc8 43. Qc1 Qd4 44. Raxc6 Rxc6 45. Rxc6 Ra5 46. Rc3 Rb5 47. Qg1 Qd6 48. Qd1 Qb6 49. Qd2 Kg7 50. Rc4 Ra5 51. Rb4 Qd6 52. Rxb3 Ra1 53. Bc2 Qd4 54. Qf2 Qa4 55. Ra3 1-0

[Event "Penang op 15th"]
[Site "Penang"]
[Date "2023.12.21"]
[Round "6"]
[White "Liu, Meng"]
[Black "Villanueva, Nelson"]
[Result "1/2-1/2"]
[WhiteElo "1763"]
[BlackElo "2119"]
[PlyCount "66"]
[EventDate "2023.12.18"]
[EventType "swiss"]
[EventRounds "9"]
[EventCountry "MAS"]
[SourceTitle "CB52_2023"]
[SourceDate "2023.12.27"]
[SourceVersion "1"]
[SourceVersionDate "2023.12.27"]
[SourceQuality "1"]

1. Nf3 d5 2. d4 Nf6 3. c4 g6 4. cxd5 Bg7 5. e3 0-0 6. Be2 Nxd5 7. 0-0 c5 8. dxc5 Nc6 9. e4 Ndb4 10. Nc3 Be6 11. a3 Qxd1 12. Rxd1 Nc2 13. Rb1 Bb3 14. Nd2 Be6 15. Nf3 Rac8 16. Bf4 N2d4 17. Nxd4 Nxd4 18. e5 Nxe2+ 19. Nxe2 Rxc5 20. Nd4 Bd5 21. Be3 Ra5 22. f4 e6 23. Rbc1 Ra4 24. Nb5 Ra5 25. Nxa7 f6 26. Nc8 fxe5 27. Ne7+ Kh8 28. Nxd5 Rxd5 29. Rxd5 exd5 30. fxe5 Bxe5 31. Rd1 Bxb2 32. Rxd5 Bxa3 33. Rd7 Kg8 1/2-1/2

[Event "Belt and Road op-B 3rd"]
[Site "Qinhuangdao"]
[Date "2023.11.24"]
[Round "9"]
[White "Liu, Meng"]
[Black "Jin, Ruijun"]
[Result "1-0"]
[WhiteElo "1785"]
[BlackElo "1637"]
[PlyCount "69"]
[EventDate "2023.11.19"]
[EventType "swiss"]
[EventRounds "9"]
[EventCountry "CHN"]
[SourceTitle "CB49_2023"]
[SourceDate "2023.12.06"]
[SourceVersion "1"]
[SourceVersionDate "2023.12.06"]
[SourceQuality "1"]

1. d4 Nf6 2. c4 g6 3. Nc3 d5 4. cxd5 Nxd5 5. g3 Nxc3 6. bxc3 Bg7 7. Bg2 0-0 8. Nf3 c5 9. 0-0 Nc6 10. d5 Bxc3 11. Bh6 Nd4 12. Rc1 Nxf3+ 13. Bxf3 Bg7 14. Bxg7 Kxg7 15. Rxc5 Qd6 16. Qa1+ f6 17. Rfc1 Bd7 18. Rc7 Rab8 19. Qd4 Bc6 20. Qf4 Qd8 21. d6 Bd7 22. dxe7 Qxe7 23. Rxd7 Qxd7 24. Rc7 Rbd8 25. Rxb7 Rf7 26. Rxd7 Rdxd7 27. a4 Rfe7 28. a5 a6 29. Qc4 Re5 30. Qxa6 Rd1+ 31. Kg2 Ra1 32. Qa7+ Kh6 33. a6 Re6 34. Bb7 Rxe2 35. Qd4 1-0

[Event "Belt and Road op-B 3rd"]
[Site "Qinhuangdao"]
[Date "2023.11.23"]
[Round "7"]
[White "Liu, Meng"]
[Black "Zhang, Haoxuan1"]
[Result "0-1"]
[WhiteElo "1785"]
[BlackElo "1693"]
[PlyCount "170"]
[EventDate "2023.11.19"]
[EventType "swiss"]
[EventRounds "9"]
[EventCountry "CHN"]
[SourceTitle "CB49_2023"]
[SourceDate "2023.12.06"]
[SourceVersion "1"]
[SourceVersionDate "2023.12.06"]
[SourceQuality "1"]

1. d4 d5 2. Bf4 Nf6 3. e3 c5 4. c3 Nc6 5. Nd2 cxd4 6. exd4 g6 7. Ngf3 Bg7 8. Bd3 Nh5 9. Be3 Qc7 10. 0-0 Nf4 11. Bxf4 Qxf4 12. Re1 0-0 13. a4 Qd6 14. Bf1 a5 15. g3 b6 16. Ra3 Bd7 17. Qa1 Rfb8 18. Nb3 h6 19. Nc1 Bg4 20. Bg2 Rc8 21. Nd3 Bf5 22. Qd1 Be4 23. Bh3 e6 24. Ra1 Qe7 25. Nfe5 Nxe5 26. Nxe5 Bxe5 27. dxe5 Qc5 28. Qd2 Kg7 29. Qf4 Ra7 30. Bf1 Qe7 31. Rad1 h5 32. h4 Rac7 33. Rd4 f5 34. exf6+ Qxf6 35. Qxf6+ Kxf6 36. f4 Rc5 37. Kf2 Ke7 38. Rd2 Kf6 39. Ke3 e5 40. fxe5+ Kxe5 41. Rf2 Rxc3+ 42. bxc3 Rxc3+ 43. Bd3 Rxd3+ 44. Ke2 Rxg3 45. Rf8 Rh3 46. Re8+ Kd6 47. Rb8 Kc7 48. Rg8 Rxh4 49. Rc1+ Kd6 50. Rb8 Ke5 51. Re8+ Kf4 52. Rf1+ Kg5 53. Re5+ Kh6 54. Rf6 Rh2+ 55. Ke3 Rb2 56. Rf8 Rb3+ 57. Kf2 Rb4 58. Rh8+ Kg7 59. Ree8 Rxa4 60. Ref8 Bf5 61. Ke3 Re4+ 62. Kf3 b5 63. Ra8 Ra4 64. Rhb8 Bd3 65. Ke3 Bf1 66. Rf8 Re4+ 67. Kd2 Bc4 68. Rf2 a4 69. Rg2 Re6 70. Kc3 a3 71. Rxa3 Re3+ 72. Kb4 Rxa3 73. Kxa3 Kh6 74. Kb4 g5 75. Kc5 g4 76. Kd4 Kg5 77. Ke5 b4 78. Rf2 b3 79. Rf8 Kh4 80. Kf4 Kh3 81. Rh8 h4 82. Kg5 Kg3 83. Rxh4 b2 84. Rxg4+ Kf2 85. Rf4+ Ke3 0-1

[Event "Belt and Road op-B 3rd"]
[Site "Qinhuangdao"]
[Date "2023.11.21"]
[Round "4"]
[White "Cong, Dingzhou"]
[Black "Liu, Meng"]
[Result "1-0"]
[WhiteElo "1619"]
[BlackElo "1785"]
[PlyCount "89"]
[EventDate "2023.11.19"]
[EventType "swiss"]
[EventRounds "9"]
[EventCountry "CHN"]
[SourceTitle "CB49_2023"]
[SourceDate "2023.12.06"]
[SourceVersion "1"]
[SourceVersionDate "2023.12.06"]
[SourceQuality "1"]

1. e4 c5 2. Nf3 d6 3. d4 cxd4 4. Nxd4 Nf6 5. Nc3 a6 6. Bg5 e6 7. f4 Nbd7 8. Qf3 Qc7 9. 0-0-0 b5 10. e5 Bb7 11. Qh3 dxe5 12. Nxe6 fxe6 13. Qxe6+ Be7 14. Bxf6 gxf6 15. Bxb5 0-0-0 16. Qxe7 axb5 17. Nxb5 Qc5 18. Nd6+ Kb8 19. Qe6 Qc6 20. f5 Nc5 21. Qxf6 e4 22. Nxe4 Rxd1+ 23. Rxd1 Qxf6 24. Nxf6 Bxg2 25. b4 Ne4 26. Nxe4 Bxe4 27. f6 Rc8 28. Rd2 Bg6 29. Kb2 Rc4 30. c3 Rf4 31. a4 Bf7 32. b5 Rxf6 33. Ka3 Kc7 34. Kb4 Rf1 35. a5 Rf5 36. Rd4 Rf1 37. c4 Rf3 38. a6 Rf2 39. c5 Rb2+ 40. Ka5 Be8 41. b6+ Kc6 42. a7 Kxc5 43. Rd5+ Kc4 44. b7 Rxb7 45. a8Q 1-0

[Event "Belt and Road op-B 3rd"]
[Site "Qinhuangdao"]
[Date "2023.11.20"]
[Round "3"]
[White "Liu, Meng"]
[Black "Li, Yage"]
[Result "0-1"]
[WhiteElo "1785"]
[BlackElo "1566"]
[PlyCount "74"]
[EventDate "2023.11.19"]
[EventType "swiss"]
[EventRounds "9"]
[EventCountry "CHN"]
[SourceTitle "CB49_2023"]
[SourceDate "2023.12.06"]
[SourceVersion "1"]
[SourceVersionDate "2023.12.06"]
[SourceQuality "1"]

1. d4 Nf6 2. c4 e6 3. Nf3 Bb4+ 4. Nbd2 b6 5. a3 Bxd2+ 6. Qxd2 Bb7 7. e3 0-0 8. Be2 d6 9. b4 Nbd7 10. Bb2 Ne4 11. Qc2 f5 12. 0-0 Qe7 13. Rad1 a5 14. d5 e5 15. Nd2 Nxd2 16. Rxd2 h6 17. Bc3 axb4 18. axb4 Nf6 19. Rdd1 Kh8 20. Ra1 b5 21. Rxa8 Bxa8 22. Qxf5 Nxd5 23. Qc2 bxc4 24. Bd2 c3 25. Bxc3 Qg5 26. e4 Nf4 27. Bf3 Nh3+ 28. Kh1 Rxf3 29. gxf3 Qh5 30. Qe2 Bc6 31. Qe3 Bb5 32. Ra1 Qg6 33. Bd2 Bc6 34. Qe2 d5 35. exd5 Bxd5 36. Rf1 Qf5 37. Kg2 Qg4+ 0-1

[Event "Belt and Road op-B 3rd"]
[Site "Qinhuangdao"]
[Date "2023.11.19"]
[Round "2"]
[White "Zhang, Yichi1"]
[Black "Liu, Meng"]
[Result "0-1"]
[WhiteElo "1621"]
[BlackElo "1785"]
[PlyCount "40"]
[EventDate "2023.11.19"]
[EventType "swiss"]
[EventRounds "9"]
[EventCountry "CHN"]
[SourceTitle "CB49_2023"]
[SourceDate "2023.12.06"]
[SourceVersion "1"]
[SourceVersionDate "2023.12.06"]
[SourceQuality "1"]

1. e4 c5 2. Nf3 d6 3. Bb5+ Nd7 4. a4 a6 5. Bc4 Ngf6 6. d3 e6 7. 0-0 Be7 8. Nc3 0-0 9. h3 b6 10. Bf4 Bb7 11. Re1 Qc7 12. Nh2 Bc6 13. Ng4 Qb7 14. Nxf6+ Nxf6 15. f3 b5 16. axb5 axb5 17. Rxa8 Rxa8 18. Bb3 d5 19. exd5 exd5 20. Qe2 Bf8 0-1

[Event "Daqing Boyi Cup-A"]
[Site "Daqing"]
[Date "2023.08.15"]
[Round "6"]
[White "Jin, Hongtao"]
[Black "Liu, Meng"]
[Result "1-0"]
[WhiteElo "1862"]
[BlackElo "1807"]
[PlyCount "69"]
[EventDate "2023.08.13"]
[EventType "swiss"]
[EventRounds "9"]
[EventCountry "CHN"]
[SourceTitle "EXT 2024"]
[Source "ChessBase"]
[SourceDate "2023.10.10"]
[SourceVersion "1"]
[SourceVersionDate "2023.10.10"]
[SourceQuality "1"]

1. e4 e5 2. Nf3 Nf6 3. Nxe5 d6 4. Nf3 Nxe4 5. Nc3 Nxc3 6. dxc3 Nc6 7. Be3 Be7 8. Qd2 Be6 9. 0-0-0 Qd7 10. Kb1 Bf6 11. h4 0-0-0 12. Nd4 Nxd4 13. Bxd4 Be5 14. Qe3 Qa4 15. b3 Qa5 16. Bxe5 dxe5 17. Be2 f6 18. c4 Bf5 19. g4 Bd7 20. Bf3 Qb6 21. c5 Qa6 22. g5 Bf5 23. c6 bxc6 24. gxf6 gxf6 25. Be4 Be6 26. Qf3 Bd5 27. Bxd5 cxd5 28. Rxd5 Qb7 29. Rhd1 Rxd5 30. Rxd5 Rg8 31. Qf5+ Kb8 32. c4 Qc6 33. Qe4 Qe8 34. Rb5+ Kc8 35. Qf5+ 1-0

[Event "Daqing Boyi Cup-A"]
[Site "Daqing"]
[Date "2023.08.15"]
[Round "5"]
[White "Liu, Meng"]
[Black "Mungunzul, Bat Erdene"]
[Result "0-1"]
[WhiteElo "1807"]
[BlackElo "2239"]
[PlyCount "72"]
[EventDate "2023.08.13"]
[EventType "swiss"]
[EventRounds "9"]
[EventCountry "CHN"]
[SourceTitle "EXT 2024"]
[Source "ChessBase"]
[SourceDate "2023.10.10"]
[SourceVersion "1"]
[SourceVersionDate "2023.10.10"]
[SourceQuality "1"]

1. d4 d5 2. c4 c6 3. cxd5 cxd5 4. Bf4 Qb6 5. Nc3 Nf6 6. e3 Qxb2 7. Bb5+ Nc6 8. Nge2 Bf5 9. 0-0 Qa3 10. Rc1 Rc8 11. Ng3 Bg4 12. f3 Bd7 13. e4 e6 14. exd5 exd5 15. Re1+ Be6 16. Re3 Qa5 17. Nf5 Kd7 18. Ng3 Bb4 19. Nge2 a6 20. Ba4 b5 21. Bb3 Ne7 22. Bg5 Rc6 23. Nb1 Rhc8 24. Rxc6 Rxc6 25. a3 Bd6 26. Nf4 Qc7 27. Nd3 Bxh2+ 28. Kh1 Bd6 29. Ne5+ Bxe5 30. Rxe5 Ng6 31. Re2 Nh5 32. Re1 Qg3 33. Qd2 Nhf4 34. Bxf4 Nxf4 35. Rd1 Bh3 36. gxh3 Qxf3+ 0-1

[Event "Daqing Boyi Cup-A"]
[Site "Daqing"]
[Date "2023.08.14"]
[Round "3"]
[White "He, Henry"]
[Black "Liu, Meng"]
[Result "1-0"]
[WhiteElo "1859"]
[BlackElo "1807"]
[PlyCount "91"]
[EventDate "2023.08.13"]
[EventType "swiss"]
[EventRounds "9"]
[EventCountry "CHN"]
[SourceTitle "EXT 2024"]
[Source "ChessBase"]
[SourceDate "2023.10.10"]
[SourceVersion "1"]
[SourceVersionDate "2023.10.10"]
[SourceQuality "1"]

1. e4 c5 2. Nf3 d6 3. d4 cxd4 4. Nxd4 Nf6 5. Nc3 a6 6. Bc4 Nbd7 7. f3 Qc7 8. Bb3 Nc5 9. g4 e6 10. Be3 Be7 11. Qd2 b5 12. h4 Bb7 13. h5 b4 14. Nce2 h6 15. Qxb4 d5 16. Qc3 dxe4 17. fxe4 Nfxe4 18. Nxe6 Nxe6 19. Ba4+ Kf8 20. Qxc7 Nxc7 21. 0-0-0 Nd5 22. Bd4 Nc5 23. Bxc5 Bxc5 24. Rh3 Ke7 25. b4 Be3+ 26. Kb2 Bg5 27. Nd4 Bf6 28. c4 Nf4 29. Re3+ Ne6 30. Kc2 Bxd4 31. Rxd4 Rhd8 32. Rf4 Rac8 33. Kc3 Rg8 34. Bc2 Rge8 35. Bf5 Rcd8 36. Rf2 Bc8 37. c5 Kf8 38. a4 Nc7 39. Rxe8+ Rxe8 40. Bxc8 Rxc8 41. Kc4 Ne6 42. Rf5 Ke7 43. b5 axb5+ 44. axb5 g6 45. hxg6 fxg6 46. Re5 1-0

[Event "CHN-ch sf"]
[Site "Hefei"]
[Date "2023.04.26"]
[Round "8"]
[White "Li, Sichen"]
[Black "Liu, Meng"]
[Result "1/2-1/2"]
[WhiteElo "1533"]
[BlackElo "1767"]
[PlyCount "78"]
[EventDate "2023.04.23"]
[EventType "swiss"]
[EventRounds "11"]
[EventCountry "CHN"]
[SourceTitle "CBM 214 Extra"]
[Source "ChessBase"]
[SourceDate "2023.07.31"]
[SourceVersion "1"]
[SourceVersionDate "2023.07.31"]
[SourceQuality "1"]

1. d4 d5 2. c4 c6 3. cxd5 cxd5 4. Nc3 Nf6 5. Bf4 Nc6 6. e3 a6 7. Be2 Bf5 8. Nf3 e6 9. 0-0 Bd6 10. Bxd6 Qxd6 11. Ne1 0-0 12. Bd3 Bxd3 13. Nxd3 b5 14. Qd2 Rfc8 15. Rfc1 Nd7 16. Ne2 Ne7 17. Rxc8+ Rxc8 18. Rc1 Rxc1+ 19. Nexc1 Qc7 20. Nb3 Qc4 21. h3 Nc6 22. Nf4 h6 23. Kh2 b4 24. Nd3 a5 25. Nbc1 Ne7 26. Kg1 Nf5 27. Nb3 Qc7 28. Nbc5 Nd6 29. Nxd7 Qxd7 30. Nc5 Qb5 31. b3 g6 32. Qc2 Kg7 33. f3 Nf5 34. Qf2 Qc6 35. g4 Nd6 36. Qh2 Nb5 37. Qe5+ Kg8 38. Qb8+ Kg7 39. Qe5+ Kg8 1/2-1/2

[Event "CHN-ch sf"]
[Site "Hefei"]
[Date "2023.04.26"]
[Round "7"]
[White "Liu, Meng"]
[Black "Yan, Linhao"]
[Result "1-0"]
[WhiteElo "1767"]
[BlackElo "1449"]
[PlyCount "117"]
[EventDate "2023.04.23"]
[EventType "swiss"]
[EventRounds "11"]
[EventCountry "CHN"]
[SourceTitle "CBM 214 Extra"]
[Source "ChessBase"]
[SourceDate "2023.07.31"]
[SourceVersion "1"]
[SourceVersionDate "2023.07.31"]
[SourceQuality "1"]

1. d4 Nf6 2. c4 e6 3. g3 d5 4. Bg2 c5 5. cxd5 Nxd5 6. Nf3 Nc6 7. 0-0 Be7 8. dxc5 Bxc5 9. Qc2 Qe7 10. a3 0-0 11. e4 Nf6 12. e5 Nd7 13. Bf4 Nd4 14. Nxd4 Bxd4 15. Rd1 Qc5 16. Qxc5 Bxc5 17. Nc3 Rb8 18. Ne4 Be7 19. Rac1 Nb6 20. Nd6 Bd7 21. Nxb7 Ba4 22. Rd3 Rfc8 23. Nd6 Rxc1+ 24. Bxc1 Nd7 25. f4 Bd8 26. b4 a5 27. Bd2 axb4 28. Bxb4 Bb6+ 29. Kf1 Bc5 30. Bxc5 Nxc5 31. Rc3 Rb1+ 32. Kf2 Rb2+ 33. Ke3 Nd7 34. Be4 f5 35. Bf3 g5 36. Be2 Nb6 37. Bf3 g4 38. Bb7 Rxh2 39. Kd4 h5 40. Nc4 Nd7 41. Nd6 Rd2+ 42. Kc4 h4 43. gxh4 Rf2 44. Kd4 Rxf4+ 45. Ke3 Rf1 46. Rc4 Bb3 47. Rc8+ Nf8 48. Ne8 g3 49. Nf6+ Kg7 50. Nh5+ Kf7 51. Nxg3 Re1+ 52. Kd4 Ng6 53. Rc7+ Ne7 54. Bf3 Bd1 55. Rc1 f4 56. Bxd1 Nc6+ 57. Kc5 Rxe5+ 58. Kxc6 fxg3 59. Rc3 1-0

[Event "CHN-chTB"]
[Site "Hefei"]
[Date "2023.04.17"]
[Round "2"]
[White "Liu, Huaqi"]
[Black "Liu, Meng"]
[Result "0-1"]
[WhiteElo "1564"]
[BlackElo "1767"]
[PlyCount "68"]
[EventDate "2023.04.17"]
[EventType "team-swiss"]
[EventRounds "9"]
[EventCountry "CHN"]
[SourceTitle "EXT 2024"]
[Source "ChessBase"]
[SourceDate "2023.10.10"]
[SourceVersion "1"]
[SourceVersionDate "2023.10.10"]
[SourceQuality "1"]
[WhiteTeam "Hefei Xinzhan District"]
[BlackTeam "Nanjing Bozhiyi"]
[WhiteTeamCountry "CHN"]
[BlackTeamCountry "CHN"]

1. d4 d5 2. c4 c6 3. Nf3 Nf6 4. e3 Bg4 5. Nc3 e6 6. h3 Bh5 7. b3 Nbd7 8. Qc2 Bd6 9. Bb2 a5 10. Bd3 Bg6 11. Bxg6 hxg6 12. 0-0 0-0 13. Rad1 Qe7 14. e4 Nxe4 15. Nxe4 dxe4 16. Qxe4 Rfd8 17. Rfe1 Ba3 18. Ba1 Nf6 19. Qe3 a4 20. g4 axb3 21. axb3 Bb4 22. Re2 Qc7 23. Ne5 Ra3 24. h4 Bd6 25. Qf3 Bxe5 26. Rxe5 Qb6 27. Re3 Rda8 28. Bb2 Ra2 29. Re2 Qc7 30. Kg2 Qd7 31. h5 gxh5 32. g5 Ng4 33. Qh3 g6 34. f3 Rxb2 0-1

[Event "CHN-chTB"]
[Site "Hefei"]
[Date "2023.04.17"]
[Round "1"]
[White "Liu, Meng"]
[Black "Ma, Zhonghan"]
[Result "0-1"]
[WhiteElo "1767"]
[BlackElo "2485"]
[PlyCount "134"]
[EventDate "2023.04.17"]
[EventType "team-swiss"]
[EventRounds "9"]
[EventCountry "CHN"]
[SourceTitle "EXT 2024"]
[Source "ChessBase"]
[SourceDate "2023.10.10"]
[SourceVersion "1"]
[SourceVersionDate "2023.10.10"]
[SourceQuality "1"]
[WhiteTeam "Nanjing Bozhiyi"]
[BlackTeam "Qingdao Qingwei"]
[WhiteTeamCountry "CHN"]
[BlackTeamCountry "CHN"]

1. d4 Nf6 2. c4 e6 3. g3 d5 4. Bg2 dxc4 5. Nf3 c6 6. 0-0 b5 7. b3 cxb3 8. axb3 Bb7 9. Nc3 Nbd7 10. Bb2 Be7 11. Qc2 0-0 12. e4 Qb6 13. e5 Nd5 14. Ne4 c5 15. Nfg5 g6 16. dxc5 Nxc5 17. Bd4 Rac8 18. Qe2 Qd8 19. Nxc5 Bxc5 20. Bxc5 Rxc5 21. Ne4 Nc3 22. Nxc3 Bxg2 23. Kxg2 Rxc3 24. Qxb5 Qc7 25. Qa5 Rb8 26. Qxc7 Rxc7 27. Ra3 Rb5 28. Rfa1 Rxe5 29. Rxa7 Rc3 30. b4 Rb3 31. Rb7 Rb2 32. Ra3 Rf5 33. Rf3 Rxf3 34. Kxf3 g5 35. Ke3 g4 36. Rb5 h6 37. Rh5 Kg7 38. h3 gxh3 39. Rxh3 Rxb4 40. Rh1 Kg6 41. Ra1 h5 42. Ra8 h4 43. gxh4 Rxh4 44. Ra5 f6 45. f3 e5 46. Kf2 Rb4 47. Ra6 Kg5 48. Re6 Kf5 49. Ra6 Rb3 50. Rc6 Kg5 51. Re6 Ra3 52. Ke2 Ra5 53. Ke3 f5 54. Rb6 Ra3+ 55. Kf2 Ra2+ 56. Ke3 f4+ 57. Kd3 Rf2 58. Ke4 Re2+ 59. Kd5 Kf5 60. Rh6 Rd2+ 61. Kc4 e4 62. Rh5+ Kg6 63. Re5 exf3 64. Re1 f2 65. Rf1 Kf5 66. Kc3 Re2 67. Kd3 f3 0-1

[Event "CHN-chT"]
[Site "Liaocheng"]
[Date "2021.10.20"]
[Round "1.4"]
[White "Jiang, Qinyu"]
[Black "Liu, Meng"]
[Result "1-0"]
[WhiteElo "2270"]
[BlackElo "1756"]
[PlyCount "57"]
[EventDate "2021.10.20"]
[EventType "team-swiss"]
[EventRounds "9"]
[EventCountry "CHN"]
[SourceTitle "CBM 204 Extra"]
[Source "ChessBase"]
[SourceDate "2021.11.30"]
[SourceVersion "1"]
[SourceVersionDate "2021.11.30"]
[SourceQuality "1"]
[WhiteTeam "Chengdu"]
[BlackTeam "Wuxi"]
[WhiteTeamCountry "CHN"]
[BlackTeamCountry "CHN"]

1. e4 e5 2. Nf3 Nf6 3. Nc3 Nc6 4. d4 exd4 5. Nxd4 Bb4 6. Nxc6 bxc6 7. Bd3 d5 8. exd5 0-0 9. 0-0 cxd5 10. Bg5 c6 11. Qf3 h6 12. Bxf6 Qxf6 13. Qxf6 gxf6 14. Ne2 Rb8 15. Nd4 Bd7 16. Bf5 Bxf5 17. Nxf5 Kh7 18. c3 Ba5 19. b4 Bc7 20. Rfe1 Rfe8 21. Kf1 Kg6 22. Ne7+ Kg7 23. Nxc6 Rxe1+ 24. Rxe1 Ra8 25. Re7 Bb6 26. a4 f5 27. a5 Bd8 28. Nxd8 Rxd8 29. Rxa7 1-0

[Event "Penang op 11th"]
[Site "Penang"]
[Date "2019.12.11"]
[Round "4"]
[White "Garv, Rai"]
[Black "Liu, Meng"]
[Result "1-0"]
[WhiteElo "1774"]
[BlackElo "1738"]
[PlyCount "93"]
[EventDate "2019.12.09"]
[EventType "swiss"]
[EventRounds "9"]
[EventCountry "MAS"]
[SourceTitle "CBM 193 Extra"]
[Source "ChessBase"]
[SourceDate "2020.01.31"]
[SourceVersion "1"]
[SourceVersionDate "2020.01.31"]
[SourceQuality "1"]

1. d4 d5 2. Bf4 Bf5 3. c4 e6 4. Nc3 Nf6 5. e3 c6 6. Qb3 Qc8 7. cxd5 exd5 8. Rc1 a6 9. h3 h5 10. Nf3 Nbd7 11. Be2 Be7 12. Ne5 h4 13. Bf3 Be6 14. Nxd7 Qxd7 15. Na4 Ra7 16. Bb8 Ra8 17. Be5 Ra7 18. Nc5 Bxc5 19. dxc5 Ra8 20. Qc3 Rh6 21. Qd4 Bf5 22. Bxf6 gxf6 23. Rd1 Qc7 24. b4 Qe5 25. Rd2 Kf8 26. Ke2 Re8 27. Rhd1 Kg7 28. Kf1 Rhh8 29. a4 Qxd4 30. Rxd4 Bc2 31. Ra1 Re5 32. Ke2 Be4 33. Bxe4 dxe4 34. a5 Rhe8 35. Rad1 R8e7 36. Rd8 Rg5 37. Kf1 Rge5 38. Rc8 R5e6 39. Rcd8 f5 40. Rg8+ Kf6 41. Rdd8 f4 42. Rg4 fxe3 43. fxe3 Re5 44. Rxh4 Rf5+ 45. Ke2 Rg5 46. Rf4+ Ke5 47. Rd4 1-0